| 000 | 00778nam a22001577a 4500 | ||
|---|---|---|---|
| 003 | OSt | ||
| 005 | 20160225093138.0 | ||
| 008 | 160225b xxu||||| |||| 00| 0 eng d | ||
| 040 | _cRUA | ||
| 082 | _aAGR KOV 2013 B432 Or.1 | ||
| 100 |
_97451 _aKOV LONGDY ; កូវ ឡងឌី |
||
| 245 | _aThe using diffent of fertilizer on okra in crop station of royal university of agriculture , ការប្រើប្រាស់ប្រភេទជីផ្សេងៗគ្នាលើដំណាំពោតបារំាងក្នុងស្ថានីយ៍ពិសោធន៍ដំណាំសាកលវិទ្យាល័យភូមិន្ទកសិកម្ម | ||
| 260 |
_aPhnom Penh _bRUA _c2013 |
||
| 300 |
_axii ; 39p. _bill. _c29cm. |
||
| 942 |
_2ddc _cAGR |
||
| 999 |
_c7038 _d7038 |
||